A. WESLEY POWELL LEARNING RESOURCE CENTRE (WPLRC)

Wonderful Place to Learn, Research & Collaborate

A manual of laboratory and diagnostic tests / (Record no. 8190)

MARC details
000 -LEADER
fixed length control field 01496cam a22003374a 4500
001 - ACCESSION NUMBER
control field 13085027
003 - CONTROL NUMBER IDENTIFIER
control field 38477
005 - DATE AND TIME OF LATEST TRANSACTION
control field 20171122152308.0
008 - FIXED-LENGTH DATA ELEMENTS--GENERAL INFORMATION
fixed length control field 030206s2004 paua bf 001 0 eng
020 ## - INTERNATIONAL STANDARD BOOK NUMBER
International Standard Book Number 0781741807 (alk. paper)
035 ## - SYSTEM CONTROL NUMBER
System control number (DNLM)101167554
040 ## - CATALOGING SOURCE
Original cataloging agency DNLM/DLC
Transcribing agency DLC
Modifying agency DLC
042 ## - AUTHENTICATION CODE
Authentication code pcc
050 00 - LIBRARY OF CONGRESS CALL NUMBER
Classification number RB38.2
Item number .F57 2004
060 10 - NATIONAL LIBRARY OF MEDICINE CALL NUMBER
Classification number QY 25
Item number F528m 2004
082 00 - DEWEY DECIMAL CLASSIFICATION NUMBER
Classification number 616.07/5
Edition number 21
100 1# - MAIN ENTRY--PERSONAL NAME
Personal name Fischbach, Frances Talaska.
245 12 - TITLE STATEMENT
Title A manual of laboratory and diagnostic tests /
Statement of responsibility, etc. Frances Talaska Fischbach, with Marshall Barnett Dunning III.
246 30 - VARYING FORM OF TITLE
Title proper/short title Laboratory and diagnostic tests
250 ## - EDITION STATEMENT
Edition statement 7th ed.
260 ## - PUBLICATION, DISTRIBUTION, ETC. (IMPRINT)
Place of publication, distribution, etc. Philadelphia :
Name of publisher, distributor, etc. Williams & Wilkins,
Date of publication, distribution, etc. c2004.
300 ## - PHYSICAL DESCRIPTION
Extent xv, 1291 p. :
Other physical details ill. (some col.) ;
Dimensions 23 cm.
504 ## - BIBLIOGRAPHY, ETC. NOTE
Bibliography, etc Includes bibliographical references and index.
650 #0 - SUBJECT ADDED ENTRY--TOPICAL TERM
Topical term or geographic name as entry element Diagnosis, Laboratory
Form subdivision Handbooks, manuals, etc.
650 12 - SUBJECT ADDED ENTRY--TOPICAL TERM
Topical term or geographic name as entry element Laboratory Techniques and Procedures.
700 1# - ADDED ENTRY--PERSONAL NAME
Personal name Dunning, Marshall Barnett.
856 42 - ELECTRONIC LOCATION AND ACCESS
Materials specified Publisher description
Uniform Resource Identifier <a href="http://www.loc.gov/catdir/enhancements/fy0712/2003040122-d.html">http://www.loc.gov/catdir/enhancements/fy0712/2003040122-d.html</a>
856 41 - ELECTRONIC LOCATION AND ACCESS
Materials specified Table of contents only
Uniform Resource Identifier <a href="http://www.loc.gov/catdir/enhancements/fy0811/2003040122-t.html">http://www.loc.gov/catdir/enhancements/fy0811/2003040122-t.html</a>
906 ## - LOCAL DATA ELEMENT F, LDF (RLIN)
a 7
b cbc
c orignew
d 1
e ocip
f 20
g y-gencatlg
942 ## - ADDED ENTRY ELEMENTS (KOHA)
Source of classification or shelving scheme Dewey Decimal Classification
Koha item type Circ Books
Holdings
Withdrawn status Lost status Source of classification or shelving scheme Damaged status Not for loan Home library Current library Date acquired Total Checkouts Full call number Barcode Date last seen Price effective from Koha item type
    Dewey Decimal Classification     Wesley Powell Learning Resource Centre Wesley Powell Learning Resource Centre 11/22/2017   616.07/5 616.075/FIS 11/22/2017 11/22/2017 Circ Books